000 00873nam a2200253 a 4500
001 000037595
005 20200930080446.0
008 120918s2009 sp 000 0 spa d
020 _a9788467032079
082 _a465
_bN964
245 0 0 _aNueva gramática de la lengua española /
_cReal Academia Española, Asociación de Academias de la Lengua.
260 _aMadrid :
_bESPASA,
_c2009.
300 _a2v. ;
_c25 cm.
500 _aIncluye índice
504 _aBibliografía : p. 3720-3798
505 0 _gv.1 -
_tMorfología; Sintaxis I
_gv.2 -
_tSintaxis II
650 4 _aEspañol
_xGramática
_93475
650 4 _aEspañol
_xSintaxis
_91364
650 4 _aEspañol
_xMorfología
_91365
710 2 _aReal Academia Española
_953734
710 2 _aAsociación de Academias de la Lengua Española
_954790
910 _aValidado. Control de calidad MFF
999 _c37085
_d37085
040 _aDO-SdBNP